| 000 | 00994pam a2200229 a 4500 | ||
|---|---|---|---|
| 001 | 989477 | ||
| 005 | 20221117190129.0 | ||
| 008 | 860826s1987 nyua b 001 0 eng | ||
| 010 | _a 86022855 | ||
| 020 | _a0060434449 | ||
| 040 |
_aDLC _cDLC _dDLC |
||
| 050 | 0 | 0 |
_aTA1750 _b.J66 1987 |
| 082 | 0 | 0 |
_a621.380414,JON _219 |
| 100 | 1 |
_aJones, Kenneth A. _9102984 |
|
| 245 | 1 | 0 |
_aIntroduction to optical electronics / _cKenneth A. Jones. |
| 260 |
_aNew York : _bHarper & Row, _cc1987. |
||
| 300 |
_axv, 430 p. : _bill. ; _c24 cm. |
||
| 505 | _aPropagation of Plane Waves (Page-1), Optical Fibers (Page-46), Optical Spectra of Atoms, Molecules and Solids (Page-*90), Detectors (Page-143), Other Photodetectors and Noise (Page-215), Light Emitting Diodes (Page-244), Laser Diodes (Page-282), Optical Cavities (Page-316), Laser Fundamentals (Page-340),New Developments (Page-374). | ||
| 650 | 0 |
_aOptoelectronics. _955912 |
|
| 906 |
_a7 _bcbc _corignew _d1 _eocip _f19 _gy-gencatlg |
||
| 942 |
_2ddc _cBK |
||
| 999 |
_c592380 _d592380 |
||